MDQL
is popping MORE tags! Check the
thread
!
Quizzes
Events
Quiz Creation
Community
Videos
Private Events
Remove Ads
Sign In
Join for FREE
Feedback
Dark Mode
Quiz Categories
Sports
Geography
Music
Movies
Television
Just For Fun
Miscellaneous
History
Literature
Language
Science
Gaming
Entertainment
Religion
Holiday
For Kids
Quiz Lab
Recent
Popular Today
Quiz Kudos Today
Editor Picks
Curator Picks
Quizzes by...
Day
Popularity
Type
Ratings
Length
Year
Community
Subscriptions
Recent Discussions
Orange Saloon
Badges
Playlists
Quests
Create
Leaderboards
Showdown
Live 5
Trivia Bingo
Activity
Puzzle Library
Sporcle Events
Private Events
Virtual Trivia
Globe League
Become a Host
Pub Owners
SporcleCon
Opinionation
Our Games
Videos
Blog
Mobile Apps
Partnerships
Remove Ads and Go Orange
Feedback
Movies
Disney
Marvel Cinematic Universe
Movie Resume
Movie Titles
Oscar
Actor
Actress
Director
Pixar
Role
Movie Quotes
Movie Characters
Box Office
Nominee
Best Picture
Star Wars
James Bond
Horror Movies
Movies
Disney
Marvel Cinematic Universe
Movie Resume
Movie Titles
Oscar
Actor
Actress
Director
Pixar
Role
Movie Quotes
Movie Characters
Box Office
Nominee
Best Picture
Star Wars
James Bond
Horror Movies
Random Quiz
Search Sporcle
×
Quiz Lab
Quiz Lab
Movies
Quote
Type in answers that appear in a list
Type in answers that appear in a list
Classic
Best Score? Go Orange.
Talladega Nights Quotes Stats
Can you name the Talladega Nights Quotes?
By
Warriors5
6m
20 Questions
771 Plays
771 Plays
771 Plays
Comments
Comments
Give Quiz Kudos
Give Quiz Kudos
-
- Ratings
hide this ad
Forced Order
Answers have to be entered in order
Answers have to be entered in order
Replay
Link that replays current quiz
Next Quiz
Link to next quiz in quiz playlist
You Got
0%
They Got
Avg Score
62%
Avg Friend Score
Upgrade to see
Score Distribution
Jump to the score distribution portion of the page
Score
0/20
Timer
06:00
0
Plays Today
Quote
Who said it (character's full name)
% Correct
This sticker is dangerous and inconvenient, but I do love Fig Newtons
Ricky Bobby
90.4%
Chip, I'm all jacked up on Mountain Dew!
Texas Ranger
89.1%
Someone didn't love you enough when you were little, did they?
Texas Ranger
82.7%
Old man, I'm gonna come at you like a spider monkey!
Texas Ranger
74.1%
Dear 8 pounds 6 ounces... new born infant Jesus,don't even know a word yet.
Ricky Bobby
72.4%
I threw a bunch of Grandpa Chip's war medals off the bridge.
Walker
71.1%
Why would you want to watch TV with the stereo on?
Ricky Bobby
69.8%
Why, if it isn't our mangy, transient grandfather.
Texas Ranger
67.2%
Abracadabra homes
Cal Naughton
66%
Jesus was a man! He had a beard!
Chip
65.4%
Quote
Who said it (character's full name)
% Correct
Oh, it's all right, darling, I'm a volunteer fireman. Okay, I am a semi-
professional racecar driver and an amateur tattoo artist
Reese Bobby
64.9%
Cause I like to party.
Cal Naughton
62.8%
How 'bout we go get kicked out of an Applebee's?
Ricky Bobby
61.7%
Remember that time in tenth grade when we got kicked out of class for playing with Matchbox cars? Who's the retard now?
Cal Naughton
61.3%
Real simple, son! Cops are coming! There's a kilo of Colombian bam-
bam underneath the car! Time to be a man!
Reese Bobby
59.3%
I like to picture Jesus in a tuxedo T-
Shirt because it says I want to be formal, but I'm here to party.
Cal Naughton
58.2%
One of you turds is about to get smacked in the mouth
Texas Ranger
49.7%
Aaaaah, Ricky Bobby! Now we shall dance. And yes, it will be a slow jam.
Jean Girard
43.8%
You spilled my macchiato!
Jean Girard
43.2%
Yeah? Well we invented the missionary position... You're welcome
Herschell
4.2%
Quiz Playlist
Details
Report
Send in Message
Add To Playlist
Classic:
Type in answers that appear in a list
Forced Order:
Answers have to be entered in order
Last Updated: Feb 16, 2017
Quiz Scoreboard
CHALLENGE
Sign Up to Join the Scoreboard
Show All
Scores
Hide
Comments
May contain spoilers
Recently Published
Two Season TV Shows II
by 123Four
Television
10m
Image Sorting: Flags VI
by Barbecue
Geography
2m
Find the 'City' Movie
by crazypaving
Movies
60s
More to Explore
Quiz From the Vault
Featured Blog Post
14 Easter Pick-up Lines to Find Eggs With
hide this ad
You Might Also Like...
Tags
Quote Quiz
Character
full
night
talladega
Today's Top Quizzes in Movies
Browse Movies
hide this ad
Today's Top Quizzes in Quote
Browse Quote
Top Contributed Quizzes in Movies
1
The ultimate James Bond movie quiz
2
Find The 'Big' Movie
3
Find The 'Wild' Movie
4
Find The 'Blue' Movie
5
Movies By Plot
6
Hidden Star Wars Character II
7
Pick 5 Posters: Directed by Spielberg
8
Hidden Star Wars Character III
9
Hidden Star Wars Character IV
10
25 Best Actor Nominees (1990s)
Explore More
Trending Topics
Crossword
Anime
Harry Potter
Kpop
Disney
NBA
Marvel
NFL
Puzzle
Pokémon
Country
WWE
The Office
Song
Soccer
hide this ad
More By:
Warriors5
Quiz
Plays
Rating
Category
Featured
Created
Dallas Cowboys All Time Leaders
1,851
3.67
Sports
Feb 4, 2011
NFL: 2010 Receiving Yards as of 12/4/10
931
3.71
Sports
Dec 5, 2010
Talladega Nights Quotes
771
3.67
Movies
Dec 6, 2010
NFL: TE Touchdown leaders 2000-2009
353
5.00
Sports
Dec 5, 2010
12+ Total TDs for RB, 2005-2009
283
4.14
Sports
Dec 17, 2010
Go to Creator's Profile
Score Distribution
Quiz Creator Spotlight
Warriors5
Follow
Send a Message
Quizzes Created
-
Created Quiz Play Count
-
More By This Creator
Popular Quizzes Today
1
Find the US States - No Outlines Minefield
2
Colored Red Africa Blitz
3
Find the 'City' Movie
4
5x2 Blitz: Bands
5
The Countries of the World
6
Find the Countries of Europe - No Outlines Minefield
7
Find the US States
8
US States
More Movies Quizzes
Complete the Lyrics: La La Land
Quiz Lab
Trending Quizzes
Colored Red Europe Blitz I
Colored Red Africa Blitz II
Colored Red Europe Blitz II
Colored Red Africa Blitz III
Colored Red Europe Blitz III
Recently Updated
How Do You Spell That?
pecheneg
Godzilla Movies
pecheneg
Grab Bag: 4-10 Letters
pecheneg
2024 March Madness Bracket
pecheneg
Famous TV Couples
Peacemaker
Champions League XIs: Real Madrid
pecheneg
Largest US Cities 1790-2010
pecheneg
Rides in Walt Disney World
pecheneg
Most Oscar Losses (Acting)
pecheneg
Beyoncé Albums
pecheneg
Trending Topics
Marvel
Harry Potter
Anime
NBA
Disney
Kpop
Crossword
NFL
WWE
Puzzle
Pokémon
The Office
Soccer
Country
Song
Your Account Isn't Verified!
In order to create a playlist on Sporcle, you need to verify the email address you used during registration. Go to your
Sporcle Settings
to finish the process.
Report this User
Report this user for behavior that violates our
Community Guidelines
.
Details:
Send Report
Go to the Sporcle.com Mobile Site →
Comments